| 000 | 00376nam a2200145Ia 4500 | ||
|---|---|---|---|
| 008 | 211109s9999||||xx |||||||||||||| ||und|| | ||
| 082 |
_a211 _bNAD-D |
||
| 100 | _aNadakkal, S | ||
| 245 | 0 | _aDaiva Vili | |
| 260 |
_bS h LEAGUE, ALWAYE NORTH P.O KERALA _aINDIA _c1959 |
||
| 300 | _a215p. | ||
| 630 | _xGeneral Stack | ||
| 650 |
_aConcepts of God _vGod _xGeneralia |
||
| 942 | _cBOOK | ||
| 999 |
_c22832 _d22832 |
||